LIBRARY & INFORMATION CENTRE, KCAET, TAVANUR

ONLINE PUBLIC ACCESS CATALOGUE (OPAC)

Ben Johnson / (Record no. 5888)

MARC details
000 -LEADER
fixed length control field 00423cam a2200169ua 4500
041 ## - LANGUAGE CODE
Language code of text/sound track or separate title eng
082 ## - DEWEY DECIMAL CLASSIFICATION NUMBER
Classification number 822
Item number JON/BE
100 ## - MAIN ENTRY--AUTHOR NAME
Personal name Johnson, Ben .
245 ## - TITLE STATEMENT
Title Ben Johnson /
260 ## - PUBLICATION, DISTRIBUTION, ETC. (IMPRINT)
Place of publication London :
Name of publisher Ernest Benn Ltd ,
Year of publication 1952.
300 ## - PHYSICAL DESCRIPTION
Number of Pages 421 ; .
490 0# - SERIES STATEMENT
Series statement The Mermaid Series,
Volume number/sequential designation
942 ## - ADDED ENTRY ELEMENTS (KOHA)
Koha item type Books
Holdings
Withdrawn status Lost status Damaged status Home library Current library Date acquired Full call number Accession Number Koha item type
Withdrawn     KAUAET KAUAET 13/11/2023 822 JON/BE 11616 Books
Withdrawn     KAUAET Sanskrit University 07/04/2012 822 11615 Books
free website counter